[Event "Chalkida Evoiki op 5th"]
[Site "Chalkida"]
[Date "2023.01.07"]
[Round "5"]
[White "Tsotras, Ioannis"]
[Black "Kordis, Konstantinos"]
[Result "1/2-1/2"]
[WhiteElo "1648"]
[BlackElo "2128"]
[PlyCount "58"]
[EventDate "2023.01.05"]
[EventType "swiss"]
[EventRounds "7"]
[EventCountry "GRE"]
[SourceTitle "CBM 212 Extra"]
[Source "ChessBase"]
[SourceDate "2023.03.31"]
[SourceVersion "1"]
[SourceVersionDate "2023.03.31"]
[SourceQuality "1"]

1. e4 c5 2. Nc3 d6 3. f4 Nc6 4. Nf3 g6 5. Bb5 Bd7 6. 0-0 Bg7 7. Bxc6 Bxc6 8. d3 Nf6 9. Qe1 0-0 10. Qh4 Qb6 11. Kh1 e6 12. Rb1 d5 13. e5 Nd7 14. Bd2 Qc7 15. Rbe1 b5 16. f5 exf5 17. e6 Nf6 18. Ng5 d4 19. Ne2 fxe6 20. Nxe6 Bxg2+ 21. Kxg2 Qc6+ 22. Kg1 Qxe6 23. Nxd4 Qd5 24. Ne6 Ng4 25. Nxg7 Qd4+ 26. Kh1 Qd5+ 27. Kg1 Qd4+ 28. Kh1 Qd5+ 29. Kg1 Qd4+ 1/2-1/2

[Event "GRE-chT Online Rapid op 1st"]
[Site "Tornelo INT"]
[Date "2021.02.21"]
[Round "8.3"]
[White "Kordis, Konstantinos"]
[Black "Manelidis, Savvas"]
[Result "1-0"]
[WhiteElo "2136"]
[BlackElo "2074"]
[PlyCount "61"]
[EventDate "2021.02.20"]
[EventType "team-swiss (rapid)"]
[EventRounds "9"]
[EventCountry "GRE"]
[SourceTitle "EXT 2023"]
[Source "ChessBase"]
[SourceDate "2022.10.05"]
[SourceVersion "1"]
[SourceVersionDate "2022.10.05"]
[SourceQuality "1"]

1. e4 e5 2. Nf3 Nc6 3. Bb5 Nge7 4. 0-0 a6 5. Ba4 g6 6. d4 exd4 7. c3 Bg7 8. cxd4 b5 9. Bb3 0-0 10. Nc3 d6 11. h3 Na5 12. Bc2 c5 13. dxc5 dxc5 14. Qxd8 Rxd8 15. Be3 Nb7 16. Bg5 f6 17. Bf4 Be6 18. Rfd1 g5 19. Bc7 Rxd1+ 20. Rxd1 g4 21. hxg4 Bxg4 22. e5 fxe5 23. Be4 Rc8 24. Bb6 Nc6 25. Nd5 Kf8 26. Nc7 Ncd8 27. Nxa6 Ke7 28. Nc7 Be6 29. Nxb5 Bxa2 30. Ra1 Bc4 31. Na7 1-0

[Event "GRE-chT Online Rapid op 1st"]
[Site "Tornelo INT"]
[Date "2021.02.21"]
[Round "9.4"]
[White "Rousis, Mihail"]
[Black "Kordis, Konstantinos"]
[Result "0-1"]
[WhiteElo "2046"]
[BlackElo "2136"]
[PlyCount "84"]
[EventDate "2021.02.20"]
[EventType "team-swiss (rapid)"]
[EventRounds "9"]
[EventCountry "GRE"]
[SourceTitle "EXT 2023"]
[Source "ChessBase"]
[SourceDate "2022.10.05"]
[SourceVersion "1"]
[SourceVersionDate "2022.10.05"]
[SourceQuality "1"]

1. e4 c5 2. c3 d5 3. exd5 Qxd5 4. d4 Nc6 5. Nf3 Bg4 6. Be2 e6 7. Be3 cxd4 8. cxd4 Nf6 9. a3 Be7 10. Nc3 Qd6 11. 0-0 0-0 12. h3 Bh5 13. Qb3 Rfd8 14. Rad1 a6 15. Rfe1 b5 16. Rd2 Rac8 17. Red1 Na5 18. Qa2 Nc4 19. Bxc4 Rxc4 20. Ne5 Rxc3 21. bxc3 Ne4 22. g4 Nxd2 23. Rxd2 Bg6 24. Nxg6 hxg6 25. a4 Rc8 26. axb5 axb5 27. Qb3 Qc6 28. Rb2 Qf3 29. Qxb5 Qxh3 30. g5 Ra8 31. Rb1 Bd6 32. Qb7 Qh2+ 33. Kf1 Rb8 34. Qxb8+ Bxb8 35. Ke2 Qc7 36. Kd2 Ba7 37. Rc1 Qc4 38. Ra1 Bb6 39. Ra8+ Kh7 40. Ra1 e5 41. Rh1+ Kg8 42. Rh4 Ba5 0-1

[Event "GRE-chT Online Rapid op 1st"]
[Site "Tornelo INT"]
[Date "2021.02.20"]
[Round "4.1"]
[White "Kordis, Konstantinos"]
[Black "Pelekis, Georgios"]
[Result "0-1"]
[WhiteElo "2136"]
[BlackElo "1775"]
[PlyCount "60"]
[EventDate "2021.02.20"]
[EventType "team-swiss (rapid)"]
[EventRounds "9"]
[EventCountry "GRE"]
[SourceTitle "EXT 2023"]
[Source "ChessBase"]
[SourceDate "2022.10.05"]
[SourceVersion "1"]
[SourceVersionDate "2022.10.05"]
[SourceQuality "1"]

1. e4 Nc6 2. Nf3 d5 3. exd5 Qxd5 4. Be2 Bg4 5. d4 0-0-0 6. c4 Qh5 7. d5 e6 8. Nc3 Nf6 9. Qa4 exd5 10. cxd5 Nxd5 11. Nxd5 Rxd5 12. 0-0 Bd6 13. h3 Bxf3 14. Bxf3 Qe5 15. g3 Rd4 16. Qb3 Rb4 17. Qxf7 Rf8 18. Qd5 Nd4 19. Bg4+ Kb8 20. Qxe5 Bxe5 21. Rb1 g6 22. Re1 Bg7 23. Bd2 Ra4 24. Bc3 Rxa2 25. Re7 Bf6 26. Rxh7 c5 27. Re1 b5 28. Bxd4 Bxd4 29. Ree7 Ra1+ 30. Kg2 Rxf2# 0-1

[Event "GRE-chT Online Rapid op 1st"]
[Site "Tornelo INT"]
[Date "2021.02.20"]
[Round "1.3"]
[White "Koutrakis, Theodoros"]
[Black "Kordis, Konstantinos"]
[Result "0-1"]
[WhiteElo "1438"]
[BlackElo "2136"]
[PlyCount "78"]
[EventDate "2021.02.20"]
[EventType "team-swiss (rapid)"]
[EventRounds "9"]
[EventCountry "GRE"]
[SourceTitle "EXT 2023"]
[Source "ChessBase"]
[SourceDate "2022.10.05"]
[SourceVersion "1"]
[SourceVersionDate "2022.10.05"]
[SourceQuality "1"]

1. d4 Nf6 2. Nf3 g6 3. g3 Bg7 4. Bg2 0-0 5. 0-0 d6 6. a4 c6 7. Nc3 a5 8. e4 Bg4 9. h3 Bxf3 10. Bxf3 Nbd7 11. Be3 Nb6 12. Qe2 d5 13. e5 Ne8 14. b3 Nc7 15. Qd2 Ne6 16. Rad1 f5 17. Bh6 Nxd4 18. Qxd4 Bxh6 19. Be2 e6 20. f4 Nd7 21. Kh2 Qb6 22. Qd3 Rf7 23. Rg1 Kh8 24. Nb1 Rg8 25. h4 Qb4 26. Nd2 Bf8 27. Nf3 Nc5 28. Qe3 Ne4 29. Rg2 Bc5 30. Qc1 h6 31. Bd3 Nf2 32. Rd2 Ng4+ 33. Kh1 Be3 34. Nh2 Nxh2 35. Kxh2 g5 36. Qe1 gxf4 37. Rd1 fxg3+ 38. Rxg3 Qxh4+ 39. Rh3 Bf4+ 0-1

[Event "Petroupoli Dias CM 2nd"]
[Site "Petroupoli"]
[Date "2019.04.11"]
[Round "2"]
[White "Kofidis, Andreas"]
[Black "Kordis, Konstantinos"]
[Result "0-1"]
[WhiteElo "2288"]
[BlackElo "2133"]
[PlyCount "88"]
[EventDate "2019.04.04"]
[EventType "tourn"]
[EventRounds "9"]
[EventCountry "GRE"]
[SourceTitle "EXT 2020"]
[Source "ChessBase"]
[SourceDate "2019.10.17"]
[SourceVersion "1"]
[SourceVersionDate "2019.10.17"]
[SourceQuality "1"]

1. e4 c5 2. Nf3 e6 3. d4 cxd4 4. Nxd4 a6 5. Nc3 Qc7 6. g3 Nc6 7. Bg2 d6 8. Nxc6 bxc6 9. 0-0 Nf6 10. Na4 Be7 11. c4 Nd7 12. b3 Bb7 13. Bb2 0-0 14. Qd2 c5 15. Rad1 Bc6 16. Nc3 Rfd8 17. f4 Qb7 18. Nd5 exd5 19. exd5 Bb5 20. a4 Bf6 21. Bxf6 Nxf6 22. axb5 axb5 23. Rfe1 Re8 24. Rxe8+ Rxe8 25. Re1 Rxe1+ 26. Qxe1 bxc4 27. bxc4 Qb2 28. h3 h5 29. Kh2 Qd4 30. Qe7 Qf2 31. Qd8+ Kh7 32. Qxd6 Ne4 33. Qe5 Nxg3 34. h4 f6 35. Qe6 Qxf4 36. Kg1 Qd4+ 37. Kh2 Qxh4+ 38. Qh3 Qxh3+ 39. Bxh3 Ne2 40. d6 Nd4 41. Bg2 Ne6 42. Bd5 Nd8 43. Kg3 g5 44. Kf3 f5 0-1

[Event "Petroupoli Dias CM 2nd"]
[Site "Petroupoli"]
[Date "2019.04.04"]
[Round "1"]
[White "Kordis, Konstantinos"]
[Black "Kostouros, Alexandros"]
[Result "1-0"]
[WhiteElo "2133"]
[BlackElo "2134"]
[PlyCount "71"]
[EventDate "2019.04.04"]
[EventType "tourn"]
[EventRounds "9"]
[EventCountry "GRE"]
[SourceTitle "EXT 2020"]
[Source "ChessBase"]
[SourceDate "2019.10.17"]
[SourceVersion "1"]
[SourceVersionDate "2019.10.17"]
[SourceQuality "1"]

1. e4 e5 2. Nf3 Nc6 3. Bb5 a6 4. Ba4 Nf6 5. 0-0 b5 6. Bb3 Bc5 7. c3 Nxe4 8. d4 exd4 9. cxd4 Be7 10. d5 Na5 11. Bc2 Nf6 12. Re1 0-0 13. Qd4 Bb7 14. Qh4 Re8 15. Bg5 h6 16. Bxh6 gxh6 17. Qxh6 Bxd5 18. Re5 Ne4 19. Bxe4 Bxe4 20. Rxe4 f5 21. Qg6+ Kh8 22. Qh5+ Kg8 23. Qxf5 Bf8 24. Ng5 Re7 25. Nc3 c6 26. Rg4 Rg7 27. Nce4 Be7 28. Nh7 Rxg4 29. Nhf6+ Bxf6 30. Nxf6+ Kg7 31. Nxg4 d5 32. Re1 Ra7 33. Re6 Nc4 34. Qg6+ Kf8 35. Nf6 Rg7 36. Re8+ 1-0

[Event "GRE-chT 46th"]
[Site "Rio Achaia"]
[Date "2018.07.11"]
[Round "2.9"]
[White "Papahristoudis, Anastasios"]
[Black "Kordis, Konstantinos"]
[Result "0-1"]
[WhiteElo "2012"]
[BlackElo "2100"]
[PlyCount "56"]
[EventDate "2018.07.10"]
[EventType "team"]
[EventRounds "7"]
[EventCountry "GRE"]
[SourceTitle "CBM 185 Extra"]
[Source "ChessBase"]
[SourceDate "2018.07.29"]
[SourceVersion "1"]
[SourceVersionDate "2018.07.29"]
[SourceQuality "1"]
[WhiteTeam "So Thomas Georgiou"]
[BlackTeam "Zone of Glyfada"]
[WhiteTeamCountry "GRE"]
[BlackTeamCountry "GRE"]

1. d4 Nf6 2. c4 g6 3. Nc3 Bg7 4. e4 d6 5. Nf3 0-0 6. h3 e5 7. d5 a5 8. Bg5 Na6 9. Be2 Qe8 10. Nd2 Nd7 11. g4 Nb6 12. Nf1 a4 13. Ng3 Bd7 14. h4 Rc8 15. h5 c6 16. hxg6 fxg6 17. Qd3 Nb4 18. Qd2 cxd5 19. Nxd5 N4xd5 20. cxd5 Nc4 21. Qb4 Qf7 22. Rh2 b5 23. b3 Nb2 24. Rb1 Rc2 25. Be3 Rfc8 26. Qa3 Rxe2+ 27. Nxe2 Nd3+ 28. Kd2 b4 0-1

[Event "Nikaia op 25th"]
[Site "Nikaia"]
[Date "2017.09.03"]
[Round "9"]
[White "Kordis, Konstantinos"]
[Black "Tsomis, Dimitrios"]
[Result "1-0"]
[WhiteElo "2130"]
[BlackElo "1983"]
[PlyCount "44"]
[EventDate "2017.08.26"]
[EventType "swiss"]
[EventRounds "9"]
[EventCountry "GRE"]
[SourceTitle "CBM 180 Extra"]
[Source "ChessBase"]
[SourceDate "2017.10.06"]
[SourceVersion "1"]
[SourceVersionDate "2017.10.06"]
[SourceQuality "1"]

1. e4 c5 2. Nf3 d6 3. d4 cxd4 4. Nxd4 Nf6 5. Nc3 a6 6. Bc4 e6 7. Bb3 Be7 8. g4 0-0 9. g5 Ne8 10. Rg1 Nc6 11. Be3 Bd7 12. f4 Nxd4 13. Qxd4 Qc8 14. 0-0-0 Nc7 15. f5 exf5 16. g6 Bf6 17. Bxf7+ Rxf7 18. gxf7+ Kxf7 19. Qxd6 Be6 20. exf5 Bxf5 21. Rdf1 Nb5 22. Qd5+ Be6 1-0

[Event "Nikaia op 25th"]
[Site "Nikaia"]
[Date "2017.09.02"]
[Round "8"]
[White "Gazis, Efstathios"]
[Black "Kordis, Konstantinos"]
[Result "1-0"]
[WhiteElo "2212"]
[BlackElo "2130"]
[PlyCount "59"]
[EventDate "2017.08.26"]
[EventType "swiss"]
[EventRounds "9"]
[EventCountry "GRE"]
[SourceTitle "CBM 180 Extra"]
[Source "ChessBase"]
[SourceDate "2017.10.06"]
[SourceVersion "1"]
[SourceVersionDate "2017.10.06"]
[SourceQuality "1"]

1. e4 c5 2. Nf3 d6 3. d4 cxd4 4. Nxd4 Nf6 5. Nc3 a6 6. Bg5 e6 7. f4 h6 8. Bh4 Qb6 9. a3 Be7 10. Bf2 Qc7 11. Nb3 b5 12. Be2 Bb7 13. Bf3 Nbd7 14. Qe2 e5 15. Be3 exf4 16. Bxf4 Ne5 17. Nd4 g6 18. 0-0 Kf8 19. Kh1 Kg7 20. Qe1 h5 21. Rd1 h4 22. h3 Rae8 23. Qf2 Nc4 24. Be2 Nxe4 25. Nxe4 Bxe4 26. b3 Nb6 27. Be5+ dxe5 28. Qxf7+ Kh6 29. Ne6 Rh7 30. Nxc7 1-0

[Event "Athens Iraklion op 20th"]
[Site "Athens"]
[Date "2017.06.24"]
[Round "8"]
[White "Nikolaidis, Ioannis"]
[Black "Kordis, Konstantinos"]
[Result "1-0"]
[WhiteElo "2561"]
[BlackElo "2149"]
[PlyCount "79"]
[EventDate "2017.06.17"]
[EventType "swiss"]
[EventRounds "9"]
[EventCountry "GRE"]
[SourceTitle "CBM 179 Extra"]
[Source "ChessBase"]
[SourceDate "2017.08.23"]
[SourceVersion "1"]
[SourceVersionDate "2017.08.23"]
[SourceQuality "1"]

1. d4 Nf6 2. c4 g6 3. Nc3 Bg7 4. e4 d6 5. f3 0-0 6. Be3 Nbd7 7. Nh3 c5 8. d5 Ne5 9. Nf2 e6 10. Be2 exd5 11. cxd5 b5 12. Nxb5 Rb8 13. Qd2 Qb6 14. b4 Bd7 15. bxc5 dxc5 16. Nc3 Qa5 17. Rc1 Rb4 18. 0-0 Nc4 19. Bxc4 Rxc4 20. e5 Nh5 21. f4 g5 22. Nfe4 gxf4 23. Qe2 fxe3 24. Qxc4 Bxe5 25. Qe2 Bd4 26. Qxh5 e2+ 27. Rf2 Bxc3 28. Nxc3 Qxc3 29. Qg5+ Kh8 30. Rxe2 Qd4+ 31. Kh1 Bb5 32. Qe5+ f6 33. Qxd4 cxd4 34. Rb2 Ba6 35. Kg1 Rd8 36. Rc6 Bd3 37. Rd2 Be4 38. Rxd4 f5 39. Rc7 Rb8 40. Rd2 1-0

[Event "Athens Iraklion op 20th"]
[Site "Athens"]
[Date "2017.06.22"]
[Round "6"]
[White "Abelakiotis, Stavros"]
[Black "Kordis, Konstantinos"]
[Result "0-1"]
[WhiteElo "1861"]
[BlackElo "2149"]
[PlyCount "70"]
[EventDate "2017.06.17"]
[EventType "swiss"]
[EventRounds "9"]
[EventCountry "GRE"]
[SourceTitle "CBM 179 Extra"]
[Source "ChessBase"]
[SourceDate "2017.08.23"]
[SourceVersion "1"]
[SourceVersionDate "2017.08.23"]
[SourceQuality "1"]

1. e4 c5 2. Nf3 e6 3. d4 cxd4 4. Nxd4 a6 5. c4 Qc7 6. Nc3 Nf6 7. a3 b6 8. Be3 Bb7 9. f3 d6 10. Be2 Nbd7 11. Rc1 Be7 12. 0-0 0-0 13. Qd2 Rfc8 14. b4 Rab8 15. Rfd1 Qd8 16. Bf1 Qe8 17. Qa2 Ne5 18. h3 Ng6 19. Qf2 h5 20. Nb3 Ne5 21. Bxb6 h4 22. c5 d5 23. exd5 Nxd5 24. Nxd5 Bxd5 25. Rxd5 exd5 26. Bxa6 Qa4 27. Qe2 Qxb3 28. Bxc8 Qxa3 29. Qxe5 Qxc1+ 30. Kh2 Rxc8 31. Qxe7 Qf4+ 32. Kh1 Qxb4 33. Qd7 Ra8 34. Qd6 Qe1+ 35. Kh2 Ra1 0-1

[Event "Athens Iraklion op 20th"]
[Site "Athens"]
[Date "2017.06.21"]
[Round "5"]
[White "Kordis, Konstantinos"]
[Black "Loutragotis, Paraskevas Pantelei"]
[Result "1-0"]
[WhiteElo "2149"]
[BlackElo "1891"]
[PlyCount "33"]
[EventDate "2017.06.17"]
[EventType "swiss"]
[EventRounds "9"]
[EventCountry "GRE"]
[SourceTitle "CBM 179 Extra"]
[Source "ChessBase"]
[SourceDate "2017.08.23"]
[SourceVersion "1"]
[SourceVersionDate "2017.08.23"]
[SourceQuality "1"]

1. e4 c5 2. b3 Nc6 3. Bb2 e6 4. Nf3 Nge7 5. g3 d5 6. exd5 Nxd5 7. Bg2 Nf6 8. 0-0 Bd6 9. d4 cxd4 10. Nxd4 Nxd4 11. Qxd4 0-0 12. Nc3 Be7 13. Qxd8 Rxd8 14. Rfd1 a6 15. Na4 Rxd1+ 16. Rxd1 Bd7 17. Bxf6 1-0

[Event "Athens Iraklion op 20th"]
[Site "Athens"]
[Date "2017.06.19"]
[Round "3"]
[White "Kordis, Konstantinos"]
[Black "Georgiev, Krum"]
[Result "0-1"]
[WhiteElo "2149"]
[BlackElo "2357"]
[PlyCount "63"]
[EventDate "2017.06.17"]
[EventType "swiss"]
[EventRounds "9"]
[EventCountry "GRE"]
[SourceTitle "CBM 179 Extra"]
[Source "ChessBase"]
[SourceDate "2017.08.23"]
[SourceVersion "1"]
[SourceVersionDate "2017.08.23"]
[SourceQuality "1"]

1. e4 c5 2. Nf3 d6 3. d4 cxd4 4. Nxd4 Nf6 5. Nc3 a6 6. Be3 Nbd7 7. g4 d5 8. g5 Nxe4 9. Nxe4 dxe4 10. Qd2 Qc7 11. 0-0-0 g6 12. h4 Bg7 13. h5 0-0 14. hxg6 hxg6 15. f4 exf3 16. Nxf3 Re8 17. Rh4 Nf8 18. Bd4 Bf5 19. Bxg7 Kxg7 20. Nd4 Rad8 21. Bd3 Bxd3 22. Qxd3 Qe5 23. Rg1 Rd5 24. c4 Rc8 25. Kb1 Rdc5 26. Re4 Qd6 27. Qh3 f5 28. gxf6+ Qxf6 29. Rge1 Rxc4 30. Rxe7+ Kg8 31. R7e4 Rd8 32. Qe3 0-1

[Event "Athens Iraklion op 20th"]
[Site "Athens"]
[Date "2017.06.18"]
[Round "2"]
[White "Papadopoulos, Dimitrios Ath"]
[Black "Kordis, Konstantinos"]
[Result "0-1"]
[WhiteElo "1487"]
[BlackElo "2149"]
[PlyCount "46"]
[EventDate "2017.06.17"]
[EventType "swiss"]
[EventRounds "9"]
[EventCountry "GRE"]
[SourceTitle "CBM 179 Extra"]
[Source "ChessBase"]
[SourceDate "2017.08.23"]
[SourceVersion "1"]
[SourceVersionDate "2017.08.23"]
[SourceQuality "1"]

1. d4 d5 2. Nf3 e6 3. c4 c5 4. Nc3 cxd4 5. Nxd4 e5 6. Nc2 d4 7. Nb1 Bf5 8. f3 Nf6 9. e4 Nxe4 10. g3 Qa5+ 11. Bd2 Nxd2 12. Qxd2 Qb6 13. b3 Qg6 14. Kd1 h5 15. a3 Be7 16. Bg2 0-0 17. Rf1 Nc6 18. Kc1 Rac8 19. Qd1 Na5 20. Nd2 b5 21. f4 bxc4 22. b4 Nb3+ 23. Nxb3 cxb3 0-1

[Event "Nikaia op 24th"]
[Site "Nikaia"]
[Date "2016.09.02"]
[Round "9"]
[White "Nikolaou, Spiridon"]
[Black "Kordis, Konstantinos"]
[Result "0-1"]
[WhiteElo "2065"]
[BlackElo "2205"]
[PlyCount "74"]
[EventDate "2016.08.25"]
[EventType "swiss"]
[EventRounds "9"]
[EventCountry "GRE"]
[SourceTitle "CBM 174 Extra"]
[Source "ChessBase"]
[SourceDate "2016.10.10"]
[SourceVersion "1"]
[SourceVersionDate "2016.10.10"]
[SourceQuality "1"]

1. e4 c5 2. Nf3 d6 3. d4 cxd4 4. Nxd4 Nf6 5. Nc3 a6 6. Bc4 e6 7. Bb3 b5 8. 0-0 Be7 9. a4 b4 10. Na2 0-0 11. f3 d5 12. e5 Nfd7 13. f4 Nc5 14. c3 bxc3 15. Nxc3 Nxb3 16. Nxb3 Qb6+ 17. Kh1 Nc6 18. a5 Qc7 19. Be3 Rb8 20. Rc1 Rxb3 21. Qxb3 d4 22. Bg1 dxc3 23. Rxc3 Qb7 24. Bb6 Qa8 25. Rfc1 Bb7 26. Qd1 Nb4 27. Qg4 Be4 28. Rc7 Nd3 29. R1c3 Bd8 30. Qg3 Bxc7 31. Bxc7 Rc8 32. h4 Qb7 33. Bb6 Rxc3 34. bxc3 Qd5 35. Qg5 h6 36. Qe7 Bxg2+ 37. Kh2 Qf3 0-1

[Event "Nikaia op 24th"]
[Site "Nikaia"]
[Date "2016.09.01"]
[Round "8"]
[White "Kordis, Konstantinos"]
[Black "Ignatiadis, Konstantinos"]
[Result "1-0"]
[WhiteElo "2205"]
[BlackElo "2095"]
[PlyCount "67"]
[EventDate "2016.08.25"]
[EventType "swiss"]
[EventRounds "9"]
[EventCountry "GRE"]
[SourceTitle "CBM 174 Extra"]
[Source "ChessBase"]
[SourceDate "2016.10.10"]
[SourceVersion "1"]
[SourceVersionDate "2016.10.10"]
[SourceQuality "1"]

1. e4 c6 2. Ne2 d5 3. e5 c5 4. b4 cxb4 5. d4 Nc6 6. Nf4 e6 7. Be2 Qb6 8. Be3 Nge7 9. g4 Bd7 10. 0-0 Ng6 11. Nh5 Na5 12. a3 b3 13. cxb3 Qxb3 14. Qe1 Nc4 15. Nd2 Qa4 16. Rb1 Bc6 17. Nb3 b6 18. Bc1 Ne7 19. Bd1 Qa6 20. a4 Nc8 21. f4 Bxa4 22. Ra1 Qb5 23. Qg3 Qc6 24. f5 Bxb3 25. Bxb3 b5 26. fxe6 fxe6 27. Ra2 N8b6 28. Bg5 a5 29. Raf2 Ra7 30. Bc2 Bb4 31. Bxh7 Rxh7 32. Qd3 Rxh5 33. Qg6+ Kd7 34. Qxg7+ 1-0

[Event "Nikaia op 24th"]
[Site "Nikaia"]
[Date "2016.08.28"]
[Round "4"]
[White "Trimitzios, Petros"]
[Black "Kordis, Konstantinos"]
[Result "1-0"]
[WhiteElo "2086"]
[BlackElo "2205"]
[PlyCount "80"]
[EventDate "2016.08.25"]
[EventType "swiss"]
[EventRounds "9"]
[EventCountry "GRE"]
[SourceTitle "CBM 174 Extra"]
[Source "ChessBase"]
[SourceDate "2016.10.10"]
[SourceVersion "1"]
[SourceVersionDate "2016.10.10"]
[SourceQuality "1"]

1. d4 Nf6 2. c4 g6 3. Nc3 Bg7 4. e4 d6 5. f3 0-0 6. Be3 c5 7. Nge2 Nbd7 8. Qd2 a6 9. g4 cxd4 10. Nxd4 Ne5 11. Be2 Bd7 12. h4 Rc8 13. b3 h5 14. gxh5 Nxh5 15. Rg1 e6 16. Bg5 Qa5 17. Rc1 Nc6 18. Nxc6 Bxc6 19. Bh6 Qe5 20. Bxg7 Kxg7 21. Rd1 Kh7 22. Qd4 Qa5 23. Rg5 e5 24. Qe3 Qd8 25. c5 Nf4 26. Rxd6 Qxg5 27. hxg5 Ng2+ 28. Kf2 Nxe3 29. Kxe3 Rcd8 30. Rf6 Kg7 31. Bc4 Rd7 32. Bd5 Rc7 33. b4 Rh8 34. Rd6 Rh5 35. Bxc6 Rxc6 36. Rd7 b6 37. Rd6 Rxd6 38. cxd6 Kf8 39. Nd5 Rxg5 40. d7 Kg7 1-0

[Event "GRE-chT 44th"]
[Site "Achaia"]
[Date "2016.07.09"]
[Round "6.8"]
[White "Zenelis, Konstantinos"]
[Black "Kordis, Konstantinos"]
[Result "0-1"]
[WhiteElo "2071"]
[BlackElo "2205"]
[PlyCount "94"]
[EventDate "2016.07.05"]
[EventType "team-swiss"]
[EventRounds "7"]
[EventCountry "GRE"]
[SourceTitle "CBM 173 Extra"]
[Source "ChessBase"]
[SourceDate "2016.08.29"]
[SourceVersion "1"]
[SourceVersionDate "2016.08.29"]
[SourceQuality "1"]
[WhiteTeam "Papagou DP"]
[BlackTeam "Glyfadas Zenon"]
[WhiteTeamCountry "GRE"]
[BlackTeamCountry "GRE"]

1. e4 c5 2. Nc3 Nc6 3. g3 g6 4. Bg2 Bg7 5. d3 d6 6. f4 Rb8 7. Nf3 e6 8. 0-0 Nge7 9. Be3 Nd4 10. Qd2 b5 11. a3 0-0 12. Rab1 a5 13. g4 f5 14. gxf5 exf5 15. Ne2 Nxf3+ 16. Bxf3 b4 17. axb4 axb4 18. c3 Qb6 19. Qc2 Be6 20. Ng3 Kh8 21. Kh1 Bd7 22. Bg2 Bc6 23. Bd2 bxc3 24. Bxc3 Qb3 25. Bxg7+ Kxg7 26. Qc3+ Kg8 27. e5 Bxg2+ 28. Kxg2 Qd5+ 29. Rf3 Nc6 30. Kf2 Rb3 31. Qc4 Qxc4 32. dxc4 Rxf3+ 33. Kxf3 dxe5 34. Ne2 Rb8 35. Ke3 e4 36. Nc3 Na5 37. Na4 Rb3+ 38. Ke2 Nxc4 39. Rc1 Nxb2 40. Nxc5 Rh3 41. Ne6 Rxh2+ 42. Ke3 Kf7 43. Ng5+ Ke7 44. Rc6 h6 45. Nh7 Nd1+ 46. Kd4 e3 47. Kd5 Rd2+ 0-1

[Event "GRE-chT 44th"]
[Site "Achaia"]
[Date "2016.07.08"]
[Round "5.9"]
[White "Kordis, Konstantinos"]
[Black "Kyriakides, Thrasos"]
[Result "1/2-1/2"]
[WhiteElo "2205"]
[BlackElo "2101"]
[PlyCount "136"]
[EventDate "2016.07.05"]
[EventType "team-swiss"]
[EventRounds "7"]
[EventCountry "GRE"]
[SourceTitle "CBM 173 Extra"]
[Source "ChessBase"]
[SourceDate "2016.08.29"]
[SourceVersion "1"]
[SourceVersionDate "2016.08.29"]
[SourceQuality "1"]
[WhiteTeam "Glyfadas Zenon"]
[BlackTeam "Alexandroupolis Ethnikos"]
[WhiteTeamCountry "GRE"]
[BlackTeamCountry "GRE"]

1. e4 e5 2. Nf3 Nf6 3. Nxe5 d6 4. Nf3 Nxe4 5. Bd3 Nf6 6. 0-0 Be7 7. c3 0-0 8. h3 c5 9. Bc2 Nc6 10. d4 Be6 11. Re1 h6 12. Qd3 c4 13. Qe2 Re8 14. Bf4 Bf8 15. Qd1 Nd5 16. Bh2 b5 17. a3 Qd7 18. Nbd2 Bf5 19. Ne4 Re6 20. Qd2 Rae8 21. Ng3 Bxc2 22. Qxc2 g6 23. Rxe6 Rxe6 24. Re1 Nf4 25. Re3 d5 26. Qd2 Nd3 27. Ne1 Rxe3 28. fxe3 Nxe1 29. Qxe1 f5 30. Ne2 Kh7 31. Qf2 Bd6 32. Bxd6 Qxd6 33. Qf3 Ne7 34. Qf4 Qe6 35. Kf2 g5 36. Qc7 a6 37. Qd8 Kg7 38. Qe8 Qf7 39. Qd7 Qf6 40. Ng3 Kf7 41. Qc7 Qg6 42. Ne2 Qc6 43. Qa7 Qg6 44. Ng1 Qf6 45. Nf3 f4 46. Qc7 fxe3+ 47. Kxe3 Kf8 48. Kf2 Ng6 49. Qc8+ Kg7 50. Qd7+ Kf8 51. Qxd5 Nf4 52. Qe4 Nd3+ 53. Kg1 Nxb2 54. Ne5 Kg7 55. d5 Qb6+ 56. Kh1 Nd1 57. Qf5 Qf6 58. Qd7+ Kg8 59. Nf3 Nf2+ 60. Kg1 Qb6 61. Nd4 Qf6 62. d6 Nd3 63. Nf5 Qxc3 64. Qe8+ Kh7 65. Qf7+ Kh8 66. d7 Qc1+ 67. Kh2 Qf4+ 68. Kg1 Qc1+ 1/2-1/2

[Event "GRE-chT 43rd"]
[Site "Porto Rio"]
[Date "2015.10.12"]
[Round "7.7"]
[White "Kordis, Konstantinos"]
[Black "Libiszewski, Fabien"]
[Result "1/2-1/2"]
[WhiteElo "2179"]
[BlackElo "2523"]
[PlyCount "70"]
[EventDate "2015.10.08"]
[EventType "team-swiss"]
[EventRounds "7"]
[EventCountry "GRE"]
[SourceTitle "CBM 168 Extra"]
[Source "ChessBase"]
[SourceDate "2015.10.29"]
[SourceVersion "1"]
[SourceVersionDate "2015.10.29"]
[SourceQuality "1"]
[WhiteTeam "Glyfadas Zenon"]
[BlackTeam "Von Heraklion Contact"]
[WhiteTeamCountry "GRE"]
[BlackTeamCountry "GRE"]

1. e4 c5 2. Nf3 Nc6 3. Bb5 g6 4. 0-0 Bg7 5. Re1 Nf6 6. e5 Nd5 7. Nc3 Nc7 8. Bf1 0-0 9. d3 Ne6 10. g3 b6 11. Bg2 Bb7 12. Nd5 d6 13. exd6 Qxd6 14. Ng5 Ncd4 15. Nxe6 Nxe6 16. Nf6+ exf6 17. Bxb7 Rad8 18. Be3 f5 19. Qc1 Rfe8 20. Ba6 f4 21. Bxf4 Nxf4 22. Qxf4 Qxf4 23. gxf4 Bxb2 24. Bb5 Rxe1+ 25. Rxe1 Rd4 26. Re4 Bc1 27. Rxd4 cxd4 28. f5 gxf5 29. Bd7 f4 30. Kg2 Bd2 31. Kf3 Be1 32. Ke2 Bb4 33. Kf3 Be1 34. Ke2 Bb4 35. Kf3 Be1 1/2-1/2

[Event "GRE-chT 43rd"]
[Site "Porto Rio"]
[Date "2015.10.09"]
[Round "3.13"]
[White "Kordis, Konstantinos"]
[Black "Koukoufikis, Alexandros"]
[Result "0-1"]
[WhiteElo "2179"]
[BlackElo "2227"]
[PlyCount "64"]
[EventDate "2015.10.08"]
[EventType "team-swiss"]
[EventRounds "7"]
[EventCountry "GRE"]
[SourceTitle "CBM 168 Extra"]
[Source "ChessBase"]
[SourceDate "2015.10.29"]
[SourceVersion "1"]
[SourceVersionDate "2015.10.29"]
[SourceQuality "1"]
[WhiteTeam "Glyfadas Zenon"]
[BlackTeam "Ikarias Tzelepis"]
[WhiteTeamCountry "GRE"]
[BlackTeamCountry "GRE"]

1. e4 d6 2. d4 g6 3. Nc3 Bg7 4. h3 a6 5. a4 Nd7 6. Be3 Ngf6 7. Nf3 0-0 8. e5 Ne8 9. Bc4 Nb6 10. Bb3 a5 11. Qd2 d5 12. Bh6 c6 13. Bxg7 Kxg7 14. 0-0-0 Nc7 15. g4 Nc4 16. Bxc4 dxc4 17. Rdg1 b5 18. h4 b4 19. Ne4 c3 20. Qf4 Nd5 21. Qh2 b3 22. cxb3 Qb6 23. Nc5 Qb4 24. h5 g5 25. h6+ Kh8 26. Qg3 Be6 27. Rd1 cxb2+ 28. Kxb2 Qc3+ 29. Ka3 Qb4+ 30. Kb2 Qc3+ 31. Ka3 Ne3 32. Nxg5 Nc4+ 0-1